Centrum chorvátskej kultúry, Jarovce

Saved in:
Bibliographic Details
Main Author: Bogárová, Mária (Author)
Other Authors: Vojteková, Eva (Thesis advisor)
Format: Manuscript Book
Language:Slovak
Published: 2025
Subjects:
Online Access:http://is.stuba.sk/zp/portal_zp.pl?podrobnosti=168216
Tags: Add Tag
No Tags, Be the first to tag this record!

MARC

LEADER 00000ntm a22000003a 4500
001 stuzp104620
003 SK-STU
005 20250614213153.7
007 ta
008 150427s2015----xo-----f-mn---000-0-slo-d
040 |a STU  |b slo 
041 0 |a slo 
100 1 |a Bogárová, Mária  |u 054140  |4 aut  |U FAD Fakulta architektúry a dizajnu  |T FAD Ústav konštrukcií v architektúre a inžinierskych stavieb  |X 115550  |U A4140  |Y 395  |7 115550 
242 0 1 |a Croatian Cultural Center, Jarovce  |y eng 
245 1 0 |a Centrum chorvátskej kultúry, Jarovce 
260 |c 2025 
650 4 |a sustainability  |2 eng 
650 4 |a inclusivity  |2 eng 
650 4 |a transparency  |2 eng 
650 4 |a openness  |2 eng 
650 4 |a culture  |2 eng 
650 4 |a udržateľnosť  |2 slo 
650 4 |a inkluzívnosť  |2 slo 
650 4 |a transparentnosť  |2 slo 
650 4 |a otvorenosť  |2 slo 
650 4 |a kultúra  |2 slo 
700 1 |a Vojteková, Eva  |u 054140  |k Z1  |4 ths  |U FAD Fakulta architektúry a dizajnu  |T FAD Ústav konštrukcií v architektúre a inžinierskych stavieb  |X 333  |U A4140  |Y 395  |7 A000000333 
856 4 |u http://is.stuba.sk/zp/portal_zp.pl?podrobnosti=168216